[Event "NSU Open 2014"]
[Site "?"]
[Date "2014.01.04"]
[Round "3"]
[White "Borg, Flemming"]
[Black "Kühn, Morten"]
[Result "1-0"]
[WhiteElo "1799"]
[BlackElo "1806"]
[PlyCount "115"]

1. e4 c5 2. c3 d6 3. d3 g6 4. Be3 Bg7 5. Qd2 Nd7 6. g3 Ne5 7. h3 a6 8. a4 Qc7
9. Na3 Bd7 10. Nc2 Nf6 11. f4 Nc6 12. Nf3 Nh5 13. Qf2 e5 14. Bg2 Qb6 15. Na3
Be6 16. O-O O-O 17. Kh2 Qd8 18. Ng5 Bb3 19. Nc2 h6 20. Nf3 Qe7 21. Nfe1 Nf6 22.
f5 g5 23. Bd2 b5 24. axb5 axb5 25. Rxa8 Rxa8 26. Ne3 Na5 27. Nd5 Bxd5 28. exd5
Nb3 29. Nc2 Ra4 30. Na3 Qb7 31. Be1 Ne8 32. Qc2 c4 33. dxc4 bxc4 34. Bf2 Qa6
35. Rd1 Nc7 36. Bf1 Rxa3 37. bxa3 Na5 38. Qa4 e4 39. Qb4 Kh7 40. Bb6 Bxc3 41.
Qxd6 Nb5 42. Qc5 Nb7 43. Qxc4 Qxb6 44. Qxb5 Qf2+ 45. Bg2 Be5 46. Qb4 Qxg3+ 47.
Kg1 Nd6 48. Qe1 Qh2+ 49. Kf1 Nxf5 50. Qf2 Ng3+ 51. Ke1 Bc3+ 52. Rd2 f5 53. Kd1
Bxd2 54. Kxd2 f4 55. Ke1 Kg7 56. d6 e3 57. Qb2+ Kf8 58. Qf6+ 1-0

[Event "NSU Open 2014"]
[Site "?"]
[Date "2014.01.04"]
[Round "3"]
[White "Andersen, Daniel"]
[Black "Strange, Mikkel"]
[Result "0-1"]
[WhiteElo "1876"]
[BlackElo "2370"]
[PlyCount "164"]

1. c4 f5 2. Nf3 Nf6 3. g3 g6 4. Bg2 Bg7 5. O-O O-O 6. d4 d6 7. b3 Qe8 8. Bb2 a5
9. a3 Nc6 10. d5 Nd8 11. Nd4 c6 12. Qc2 Bd7 13. Nc3 e5 14. dxe6 Nxe6 15. Nxe6
Bxe6 16. Rad1 Rd8 17. e3 Qf7 18. Rd2 a4 19. Nxa4 b5 20. Bxf6 Bxf6 21. Nb2 Bxb2
22. Qxb2 bxc4 23. bxc4 Bxc4 24. Bxc6 d5 25. Rfd1 Qe6 26. Ba4 Rb8 27. Qa1 Qf6
28. Rd4 Rf7 29. Bc2 Rfb7 30. a4 Be2 31. Rb1 Rxb1+ 32. Bxb1 f4 33. Ba2 fxe3 34.
Bxd5+ Kg7 35. fxe3 Bd3 36. Ba2 Rb1+ 37. Qxb1 Bxb1 38. Bxb1 Qf3 39. Rd3 Qe2 40.
Rd7+ Kf6 41. Bd3 Qxe3+ 42. Kg2 Qd2+ 43. Kg1 h5 44. Bb5 Qe1+ 45. Kg2 g5 46. Rd6+
Ke5 47. Rd8 Qe4+ 48. Kg1 Qb1+ 49. Kg2 Qa2+ 50. Kg1 Qb1+ 51. Kg2 Qa2+ 52. Kg1
Ke6 53. Re8+ Kf6 54. Re2 Qa1+ 55. Kg2 Qd4 56. Rf2+ Kg7 57. Rc2 Qd5+ 58. Kg1 Kh6
59. Rf2 h4 60. gxh4 gxh4 61. Re2 Qf3 62. Rf2 Qe3 63. Kg2 Kg5 64. Re2 h3+ 65.
Kf1 Qc1+ 66. Kf2 Kf4 67. Bd7 Qc3 68. Bb5 Qc1 69. Bd7 Qc5+ 70. Kf1 Kf3 71. Bxh3
Qc1+ 72. Re1 Qd2 73. Bg4+ Kxg4 74. Re2 Qd1+ 75. Kf2 Qxa4 76. Re7 Qd4+ 77. Ke2
Qc4+ 78. Kd1 Qd3+ 79. Ke1 Qb1+ 80. Kf2 Qb6+ 81. Ke2 Qb2+ 82. Ke3 Qa3+ 0-1

[Event "NSU Open 2014"]
[Site "?"]
[Date "2014.01.04"]
[Round "3"]
[White "Olsen, Filip Boe"]
[Black "Sørensen, John K."]
[Result "1-0"]
[WhiteElo "1857"]
[BlackElo "1771"]
[PlyCount "67"]

1. d4 d5 2. Nf3 Nf6 3. c4 c6 4. Bf4 a6 5. e3 Bf5 6. Nc3 e6 7. Qb3 b5 8. cxb5
axb5 9. Be2 Nbd7 10. O-O h6 11. h3 g5 12. Be5 Rg8 13. Bxf6 Qxf6 14. Nd2 g4 15.
hxg4 Bxg4 16. Bxg4 Rxg4 17. f4 Qg7 18. Rf2 Be7 19. Nf3 O-O-O 20. Nxb5 Rg8 21.
Na7+ Kc7 22. Qc2 c5 23. dxc5 Rb8 24. Nd4 Bxc5 25. Nac6 Rb6 26. Rc1 Kd6 27. Ne5
Ke7 28. Nxd7 Bxd4 29. exd4 Qxd4 30. Nxb6 Qxb6 31. Qc7+ Qxc7 32. Rxc7+ Kf6 33.
b4 Rg3 34. b5 1-0

[Event "NSU Open 2014"]
[Site "?"]
[Date "2014.01.04"]
[Round "3"]
[White "Rasmussen, Ole"]
[Black "Hansen, Erik Hedegaard"]
[Result "1-0"]
[WhiteElo "1616"]
[BlackElo "1733"]
[PlyCount "89"]

1. e4 c5 2. Nf3 Nc6 3. d4 cxd4 4. Nxd4 e6 5. c4 Bc5 6. Nb3 Be7 7. Nc3 Nf6 8.
Be3 O-O 9. Be2 b6 10. O-O Bb7 11. f4 d6 12. Qe1 Nb4 13. Qd2 Na6 14. Bf3 Qc7 15.
Qe2 Nc5 16. Nxc5 dxc5 17. e5 Nd7 18. Nb5 Qb8 19. Rad1 Rd8 20. Nd6 Bxf3 21. Qxf3
Qc7 22. Rd2 Rab8 23. Rfd1 a6 24. Qe4 Nf6 25. exf6 Bxd6 26. fxg7 Be7 27. Qe5
Qxe5 28. fxe5 Kxg7 29. Rd7 Kf8 30. R1d2 Ke8 31. Rxe7+ Kxe7 32. Bg5+ Ke8 33.
Bxd8 Rxd8 34. Rxd8+ Kxd8 35. Kf2 Ke7 36. Ke3 Kf8 37. a4 a5 38. Kf4 Kg7 39. g4
h6 40. h4 Kg6 41. h5+ Kg7 42. g5 Kh7 43. gxh6 Kxh6 44. Kg4 Kh7 45. Kg5 1-0

[Event "NSU Open 2014"]
[Site "?"]
[Date "2014.01.04"]
[Round "3"]
[White "Nielsen, Kai Gylling"]
[Black "Christophersen, David"]
[Result "1-0"]
[WhiteElo "1752"]
[BlackElo "1700"]
[PlyCount "61"]

1. e4 d6 2. d4 Nf6 3. Nc3 g6 4. Nf3 Bg7 5. Bd3 Nbd7 6. O-O c5 7. d5 Ng4 8. h3
Nge5 9. Bd2 Nxf3+ 10. Qxf3 Ne5 11. Bb5+ Bd7 12. Qe2 a6 13. Bxd7+ Nxd7 14. a4
O-O 15. Ra3 f5 16. exf5 Rxf5 17. Nd1 Rxd5 18. Qe6+ Kh8 19. Qxd5 Rb8 20. Bc3 Nf6
21. Bxf6 Bxf6 22. Rb3 Qd7 23. a5 e6 24. Qd2 c4 25. Rb6 d5 26. Re1 Re8 27. Ne3
Bg5 28. Qd4+ Kg8 29. Nxc4 Qa4 30. b3 Qa2 31. Rxb7 1-0

[Event "NSU Open 2014"]
[Site "?"]
[Date "2014.01.04"]
[Round "3"]
[White "Jensen, Jan K."]
[Black "Christiansen, Niels Jørgen"]
[Result "0-1"]
[WhiteElo "1520"]
[BlackElo "1558"]
[PlyCount "94"]

1. d4 d5 2. c4 Nc6 3. Nc3 e5 4. cxd5 exd4 5. dxc6 dxc3 6. Qxd8+ Kxd8 7. cxb7
Bxb7 8. bxc3 Bc5 9. Nf3 Nf6 10. e3 Ne4 11. Bb2 f6 12. Be2 Ke7 13. O-O Rhd8 14.
Rad1 Bc6 15. Nd4 Ba4 16. Nb3 Bxb3 17. axb3 Nd2 18. Rfe1 Nxb3 19. Rxd8 Rxd8 20.
Rd1 Rxd1+ 21. Bxd1 Nd2 22. Be2 a5 23. Bb5 Kd6 24. Bc1 Nb3 25. Bb2 c6 26. Bc4
Nd2 27. Bd3 a4 28. Bxh7 a3 29. Bxa3 Bxa3 30. Bg8 Bb2 31. c4 Kc5 32. g4 Nxc4 33.
Kg2 Ne5 34. Kg3 Kd6 35. f4 Ng6 36. h4 Ne7 37. Ba2 Bc1 38. Kf3 Nd5 39. Bxd5 Kxd5
40. g5 Ke6 41. Ke4 f5+ 42. Kd4 c5+ 43. Kd3 c4+ 44. Ke2 c3 45. h5 c2 46. h6 gxh6
47. gxh6 Kf6 0-1

[Event "NSU Open 2014"]
[Site "?"]
[Date "2014.01.04"]
[Round "3"]
[White "Søes, Jan"]
[Black "Langer, Peter"]
[Result "1/2-1/2"]
[WhiteElo "1631"]
[BlackElo "1530"]
[PlyCount "44"]

1. d4 Nf6 2. c4 e6 3. Nc3 Bb4 4. a3 Bxc3+ 5. bxc3 b6 6. Nf3 Bb7 7. Bg5 h6 8.
Bh4 d6 9. e3 Nbd7 10. Be2 O-O 11. O-O Qc8 12. Nd2 c5 13. Qc2 d5 14. Rac1 Re8
15. Rfe1 Qc6 16. cxd5 exd5 17. Bf3 Qc8 18. Bg3 c4 19. e4 dxe4 20. Nxe4 Nxe4 21.
Bxe4 Bxe4 22. Rxe4 Nf6 1/2-1/2

[Event "NSU Open 2014"]
[Site "?"]
[Date "2014.01.04"]
[Round "3"]
[White "Sørensen, Bernhard W."]
[Black "Pedersen, Tommy"]
[Result "1-0"]
[WhiteElo "1442"]
[BlackElo "1416"]
[PlyCount "145"]

1. e4 e5 2. Nf3 Nc6 3. c3 d5 4. d4 Bg4 5. exd5 Qxd5 6. Be2 O-O-O 7. c4 Bb4+ 8.
Bd2 Qa5 9. d5 Bxf3 10. Bxf3 Nd4 11. Bg4+ f5 12. Bh3 g5 13. g3 g4 14. Bg2 Nf6
15. Nc3 h5 16. a3 Rhf8 17. axb4 Qxa1 18. Qxa1 Nc2+ 19. Ke2 Nxa1 20. Rxa1 Kb8
21. h4 Rde8 22. Kd1 Nd7 23. c5 e4 24. Bf4 Ne5 25. Bf1 Ng6 26. Bg5 f4 27. gxf4
Nxf4 28. d6 cxd6 29. cxd6 Rf7 30. Bb5 Re5 31. d7 Ne6 32. d8=Q+ Nxd8 33. Bxd8
Rxf2 34. Ke1 Ref5 35. Nxe4 Rxb2 36. Rc1 Rxb5 37. Bc7+ Kc8 38. Nd6+ Kd7 39. Nxb5
Rxb4 40. Nxa7 Rb2 41. Kf1 Ke6 42. Re1+ Kf7 43. Bg3 b5 44. Re5 Rb1+ 45. Be1 b4
46. Rxh5 b3 47. Rb5 g3 48. Nc6 b2 49. Ne5+ Ke6 50. Nd3 Kf7 51. Rxb2 Rd1 52. Rd2
Rb1 53. Kg2 Rb6 54. Bxg3 Kg6 55. Kf3 Rf6+ 56. Nf4+ Kh6 57. h5 Rf5 58. Rd6+ Kh7
59. h6 Rf7 60. Bf2 Rb7 61. Bd4 Rf7 62. Bg7 Rb7 63. Rd8 Rb3+ 64. Kg4 Rg3+ 65.
Kf5 Rg5+ 66. Ke4 Re5+ 67. Kd4 Re4+ 68. Kc5 Rc4+ 69. Kd6 Rd4+ 70. Nd5 Rh4 71.
Rh8+ Kg6 72. Ne7+ Kf7 73. Rf8# 1-0

[Event "NSU Open 2014"]
[Site "?"]
[Date "2014.01.04"]
[Round "3"]
[White "Sørensen, Viggo"]
[Black "Petersen, Jan"]
[Result "1/2-1/2"]
[WhiteElo "1541"]
[BlackElo "1612"]
[PlyCount "80"]

1. e4 e6 2. d4 d5 3. Nc3 Nf6 4. e5 Nfd7 5. f4 a6 6. Bd3 c5 7. dxc5 Bxc5 8. Qg4
O-O 9. Nf3 Be7 10. Bd2 Nc6 11. a3 Re8 12. O-O Nf8 13. f5 exf5 14. Bxf5 Bxf5 15.
Qxf5 Qd7 16. Qxd7 Nxd7 17. Nxd5 Ndxe5 18. Nc7 Nxf3+ 19. gxf3 Bc5+ 20. Kh1 Re2
21. Nxa8 Rxd2 22. b4 Bd4 23. Rad1 Rxc2 24. Rd3 g5 25. f4 gxf4 26. Rxf4 Rc1+ 27.
Kg2 Be5 28. Rg4+ Kf8 29. h3 Rc2+ 30. Kf3 Bb2 31. Kg3 Ne5 32. Rd8+ Ke7 33. Rgg8
Bxa3 34. Rge8+ Kf6 35. Nb6 Rc3+ 36. Kg2 Kf5 37. Rd5 f6 38. Nd7 Rc2+ 39. Kg3
Rc3+ 40. Kg2 Rc2+ 1/2-1/2

[Event "NSU Open 2014"]
[Site "?"]
[Date "2014.01.04"]
[Round "3"]
[White "Laursen, Bendt"]
[Black "Hein, Jacob"]
[Result "0-1"]
[WhiteElo "1356"]
[BlackElo "1357"]
[PlyCount "92"]

1. e4 a6 2. Bc4 b5 3. Bb3 e6 4. Nf3 c5 5. c3 c4 6. Bc2 Bb7 7. O-O d5 8. Re1
dxe4 9. Bxe4 Bxe4 10. Rxe4 Nf6 11. Re2 Bc5 12. Na3 O-O 13. Nc2 Qb6 14. Ncd4 Nc6
15. Nxc6 Qxc6 16. d4 cxd3 17. Qxd3 Rad8 18. Qc2 Rd5 19. h3 Rfd8 20. Be3 Bd6 21.
Bd4 Nh5 22. Be5 f6 23. Bxd6 Qxd6 24. Nd4 e5 25. Nf5 Rd1+ 26. Rxd1 Qxd1+ 27.
Qxd1 Rxd1+ 28. Kh2 Nf4 29. Ne3 Ra1 30. Nc2 Rxa2 31. Nb4 a5 32. Nxa2 Nxe2 33. g3
b4 34. cxb4 axb4 35. Nxb4 Nd4 36. Kg2 Kf7 37. Kf1 Ke6 38. h4 Kf5 39. Nd5 Ke4
40. Ne3 Nb3 41. Ke2 Nc1+ 42. Kd2 Nb3+ 43. Kc3 Nd4 44. b4 Kf3 45. Nc2 Ke4 46.
Kc4 Nxc2 0-1

[Event "NSU Open 2014"]
[Site "?"]
[Date "2014.01.04"]
[Round "?"]
[White "Petersen, Rasmus"]
[Black "Larsen, Daniel"]
[Result "1-0"]
[WhiteElo "1508"]
[BlackElo "1498"]
[PlyCount "58"]

1. e4 e5 2. Nf3 Nc6 3. Bb5 Nf6 4. d3 a6 5. Ba4 b5 6. Bb3 Na5 7. Nxe5 d5 8. Bxd5
Nxd5 9. exd5 Qxd5 10. O-O Bb7 11. Nf3 O-O-O 12. Nc3 Qc6 13. Bd2 h5 14. Re1 h4
15. h3 f6 16. Qe2 g5 17. Qe6+ Qxe6 18. Rxe6 g4 19. hxg4 h3 20. Ne4 Nc6 21. Rxf6
Nd4 22. Nxd4 Bxe4 23. Ne6 hxg2 24. f3 Rh1+ 25. Kxg2 Rxa1 26. Nxd8 Be7 27. Re6
Bxf3+ 28. Kxf3 Bxd8 29. Rxa6 Rf1+ 1-0

[Event "NSU Open 2014"]
[Site "?"]
[Date "2014.01.04"]
[Round "3"]
[White "Feldung, Arne"]
[Black "Strange, Markus"]
[Result "0-1"]
[WhiteElo "1018"]
[BlackElo "1211"]
[PlyCount "78"]

1. d4 d5 2. c4 e6 3. Nc3 c5 4. Nf3 Nc6 5. Ne5 Nxd4 6. e3 Nc6 7. Nxc6 bxc6 8.
cxd5 cxd5 9. e4 Nf6 10. exd5 exd5 11. Bg5 d4 12. Bxf6 Qxf6 13. Nd5 Qe6+ 14. Qe2
Bd6 15. g3 Bb7 16. Bg2 Kd7 17. Qxe6+ fxe6 18. Nf4 Bxf4 19. Bxb7 Rab8 20. gxf4
Rxb7 21. b3 Rf8 22. Rg1 Kd6 23. Rg4 Rbf7 24. Ke2 Rxf4 25. Rxf4 Rxf4 26. Rg1 g6
27. Rg2 e5 28. f3 Kd5 29. Rg5 Rf5 30. Rg4 c4 31. bxc4+ Kxc4 32. Rg1 Rh5 33.
Rc1+ Kd5 34. Rh1 e4 35. fxe4+ Kxe4 36. Kd2 Rh3 37. Re1+ Re3 38. Rxe3+ dxe3+ 39.
Ke2 h5 0-1

[Event "NSU Open 2014"]
[Site "?"]
[Date "2014.01.04"]
[Round "3"]
[White "Bogø, Mathias"]
[Black "Schølin, John"]
[Result "0-1"]
[WhiteElo "1000"]
[BlackElo "1015"]
[PlyCount "62"]

1. d4 Nf6 2. Nc3 d5 3. Bf4 c6 4. Qd3 g6 5. f3 Bg7 6. e4 dxe4 7. fxe4 Nh5 8.
Bxb8 Rxb8 9. O-O-O Bg4 10. Nf3 Nf4 11. Qe3 Bh6 12. g3 Ne2+ 13. Bxe2 Bxe3+ 14.
Kb1 Bh6 15. d5 Qd6 16. e5 Qc5 17. dxc6 bxc6 18. Rhe1 e6 19. Ne4 Qb4 20. Nd6+
Ke7 21. b3 Rbd8 22. Nc4 Rd5 23. a3 Qc3 24. Ng1 Bf5 25. Bd3 Rhd8 26. Nb2 Bd2 27.
Re2 Bg4 28. Rexd2 Bxd1 29. Rxd1 Qxe5 30. Nf3 Qe3 31. Ne1 Qf2 0-1

[Event "NSU Open 2014"]
[Site "?"]
[Date "2014.01.04"]
[Round "3"]
[White "Nielsen, Benny"]
[Black "Jensen, Torben Brieghel"]
[Result "0-1"]
[WhiteElo "1180"]
[BlackElo "1384"]
[PlyCount "106"]

1. d4 Nf6 2. c4 g6 3. Nc3 Bg7 4. Nf3 O-O 5. e4 d6 6. Be2 e5 7. d5 a5 8. Bg5 Na6
9. a3 h6 10. Bh4 g5 11. Nxg5 hxg5 12. Bxg5 Qe8 13. h4 Nc5 14. Bxf6 Bxf6 15. h5
Bg5 16. h6 f5 17. h7+ Kh8 18. Bh5 Qe7 19. Bg6 fxe4 20. Nxe4 Nxe4 21. Bxe4 Qf6
22. Qf3 Bf5 23. Bxf5 Qxf5 24. Qxf5 Rxf5 25. Ke2 Raf8 26. f3 R8f7 27. Raf1 Rxh7
28. Rxh7+ Kxh7 29. Rh1+ Kg6 30. Rh8 Bc1 31. a4 Bxb2 32. Rb8 b6 33. Rc8 Rf7 34.
Rg8+ Kh7 35. Rg4 Bc1 36. Kd3 Rg7 37. Rxg7+ Kxg7 38. g4 Kg6 39. Ke4 Kg5 40. Kd3
Kf4 41. Ke2 Be3 42. g5 Kxg5 43. Kxe3 Kf6 44. Ke4 Ke7 45. f4 exf4 46. Kxf4 Kd7
47. Ke4 c6 48. dxc6+ Kxc6 49. Kd4 Kc7 50. Kd5 Kd7 51. Kd4 Kc6 52. Kc3 Kc5 53.
Kb3 Kd4 0-1

[Event "NSU Open 2014"]
[Site "?"]
[Date "2014.01.05"]
[Round "4"]
[White "Montgomery, Jan"]
[Black "Borg, Flemming"]
[Result "1-0"]
[WhiteElo "2134"]
[BlackElo "1799"]
[PlyCount "111"]

1. d4 d6 2. e4 e5 3. Nf3 Nd7 4. Nc3 Ngf6 5. g3 c6 6. Bg2 Be7 7. O-O Qc7 8. h3
Nf8 9. Be3 Ng6 10. a4 h5 11. Ng5 h4 12. g4 Nf8 13. f4 exd4 14. Qxd4 Ne6 15.
Nxe6 Bxe6 16. f5 Bd7 17. a5 a6 18. Qc4 Nh7 19. Nd5 Qd8 20. Nf4 Bf6 21. Ng6 fxg6
22. fxg6 Qe7 23. gxh7 Be6 24. Qb4 c5 25. Qb6 Be5 26. Rf3 Bc4 27. Rf5 Rc8 28.
Bg5 Qc7 29. Qxc7 Rxc7 30. c3 Rxh7 31. Bf1 Be6 32. Rf3 Rf7 33. Rxf7 Kxf7 34. Bd3
Kg6 35. Bd2 Kf7 36. Rf1+ Ke8 37. Bc2 Rh8 38. Bg5 Kd7 39. Ba4+ Kc7 40. Rf3 b6
41. axb6+ Kxb6 42. Kf1 Ka5 43. Bd1 Kb5 44. Be2+ Kb6 45. Bd3 a5 46. Bc2 Bc4+ 47.
Kg2 Bg3 48. Ba4 Be6 49. Be3 d5 50. Bc2 Kc6 51. Bf2 Be5 52. Be3 Rb8 53. Bc1 Bg3
54. Ba4+ Kd6 55. Rxg3 hxg3 56. Bf4+ 1-0

[Event "NSU Open 2014"]
[Site "?"]
[Date "2014.01.05"]
[Round "4"]
[White "Andersen, Daniel"]
[Black "Kristensen, Kåre"]
[Result "0-1"]
[WhiteElo "1876"]
[BlackElo "2345"]
[PlyCount "106"]

1. d4 d5 2. c4 e6 3. Nc3 c6 4. cxd5 exd5 5. Nf3 Bf5 6. Bf4 Nf6 7. Qb3 Qb6 8.
Qxb6 axb6 9. e3 Bb4 10. Nd2 Nbd7 11. a3 b5 12. Be2 Bxc3 13. bxc3 Ke7 14. O-O
Ra7 15. Ra2 Rha8 16. Rfa1 Ne4 17. Nxe4 dxe4 18. c4 bxc4 19. Bxc4 b5 20. Bb3 Be6
21. Bxe6 Kxe6 22. Rc2 Kd5 23. Rac1 Rc8 24. Rc3 Ra4 25. f3 f5 26. fxe4+ fxe4 27.
Bg5 Rc4 28. Be7 Nb6 29. Bb4 Na4 30. R3c2 Nb2 31. Rxc4 bxc4 32. Rf1 Nd3 33. Rf5+
Ke6 34. Ra5 Rb8 35. h3 Nxb4 36. axb4 Rb5 37. Rxb5 cxb5 38. Kf2 Kd5 39. Ke2 c3
40. Kd1 Kc4 41. Kc2 Kxb4 42. d5 Kc5 43. Kxc3 Kxd5 44. Kb4 Kc6 45. g4 g5 46. Kb3
Kc5 47. Kc3 b4+ 48. Kb3 Kb5 49. Kb2 Kc4 50. Kc2 b3+ 51. Kb2 Kb4 52. Kb1 Kc3 53.
Kc1 Kd3 0-1

[Event "NSU Open 2014"]
[Site "?"]
[Date "2014.01.05"]
[Round "4"]
[White "Strange, Mikkel"]
[Black "Kühn, Morten"]
[Result "1-0"]
[WhiteElo "2370"]
[BlackElo "1806"]
[PlyCount "39"]

1. e4 c5 2. c3 d6 3. Nf3 Nf6 4. Be2 g6 5. O-O Bg7 6. Re1 Nbd7 7. Bf1 O-O 8. d4
cxd4 9. cxd4 b6 10. e5 Nd5 11. Bg5 Qc7 12. Na3 a6 13. Bc4 e6 14. Bxd5 exd5 15.
Rc1 Qb8 16. Be7 dxe5 17. Bxf8 Kxf8 18. dxe5 Nxe5 19. Nxe5 Bxe5 20. Rxc8+ 1-0

[Event "NSU Open 2014"]
[Site "?"]
[Date "2014.01.05"]
[Round "4"]
[White "Nielsen, Kai Gylling"]
[Black "Olsen, Filip Boe"]
[Result "1/2-1/2"]
[WhiteElo "1752"]
[BlackElo "1857"]
[PlyCount "93"]

1. d4 d5 2. Nf3 Nf6 3. c4 c6 4. Nc3 e6 5. Bf4 Nbd7 6. e3 Be7 7. Bd3 dxc4 8.
Bxc4 b5 9. Bd3 Bb7 10. O-O a6 11. a3 c5 12. dxc5 Nxc5 13. Bc2 O-O 14. Qe2 Qb6
15. b4 Nce4 16. Nxe4 Bxe4 17. Rac1 Rac8 18. Ne5 Qb7 19. Bxe4 Qxe4 20. f3 Qb7
21. Rfd1 Nd5 22. Rxc8 Rxc8 23. Qd2 Nc3 24. Qd7 Qxd7 25. Rxd7 Nd5 26. Ra7 f6 27.
Nd3 e5 28. e4 Nxf4 29. Nxf4 exf4 30. Rxe7 Rc3 31. e5 fxe5 32. Rxe5 Rxa3 33. Rf5
Ra4 34. Rxf4 a5 35. Kf2 axb4 36. Rf5 Ra2+ 37. Ke3 Rxg2 38. Rxb5 Rxh2 39. Rxb4
h5 40. Rb8+ Kf7 41. Kf4 Rg2 42. Kf5 g6+ 43. Ke5 g5 44. Kf5 Rg3 45. Rb7+ Ke8 46.
Rh7 h4 47. f4 1/2-1/2

[Event "NSU Open 2014"]
[Site "?"]
[Date "2014.01.05"]
[Round "4"]
[White "Sørensen, John K."]
[Black "Rasmussen, Ole"]
[Result "0-1"]
[WhiteElo "1771"]
[BlackElo "1616"]
[PlyCount "104"]

1. d4 Nf6 2. Nf3 g6 3. c4 Bg7 4. Nc3 d6 5. e4 O-O 6. Be2 b6 7. Be3 c5 8. d5 Na6
9. a3 Nc7 10. Qc2 e5 11. O-O Ng4 12. Bg5 f6 13. Bh4 g5 14. Bg3 Nh6 15. Qd2 Nf7
16. h4 h6 17. Nh2 Bd7 18. f3 Nh8 19. Bf2 Ng6 20. hxg5 fxg5 21. Rfe1 Rf7 22. Bf1
Qe7 23. b4 Raf8 24. bxc5 bxc5 25. Rab1 Bc8 26. Rb2 a6 27. Reb1 Ne8 28. Rb6 Kh7
29. Qb2 Nf6 30. Rc6 g4 31. Qb6 Rd8 32. Rc7 Qxc7 33. Bxc5 Qxb6 34. Bxb6 Rdf8 35.
c5 g3 36. Ng4 Nxg4 37. fxg4 dxc5 38. Bxc5 Rg8 39. d6 Nf4 40. Bc4 Be6 41. Bxa6
Rd7 42. Bb5 Rb7 43. Rd1 Bd7 44. a4 Bxg4 45. Rd2 Bd7 46. Bb4 Ne6 47. Ba5 Nd4 48.
Bc4 Nb3 49. Bxg8+ Kxg8 50. Rd5 Nxa5 51. Rxa5 Kf7 52. Rxe5 Bxe5 0-1

[Event "NSU Open 2014"]
[Site "?"]
[Date "2014.01.05"]
[Round "4"]
[White "Christophersen, David"]
[Black "Hansen, Erik Hedegaard"]
[Result "1-0"]
[WhiteElo "1700"]
[BlackElo "1733"]
[PlyCount "83"]

1. d4 Nf6 2. c4 d5 3. Nc3 c6 4. e3 Bf5 5. Nf3 e6 6. Be2 Bd6 7. O-O O-O 8. g3
Nbd7 9. Re1 a6 10. Nh4 Bg6 11. Nxg6 fxg6 12. Bd3 e5 13. cxd5 cxd5 14. Qb3 e4
15. Bxe4 Nxe4 16. Qxd5+ Kh8 17. Nxe4 Bb4 18. Re2 Qe7 19. Bd2 Nb6 20. Bxb4 Qxb4
21. Qc5 Qc4 22. Qxc4 Nxc4 23. Rc2 b5 24. a4 Rad8 25. Nc5 Ra8 26. axb5 axb5 27.
Rxa8 Rxa8 28. b4 Kg8 29. e4 Ra1+ 30. Kg2 Rb1 31. Na6 Kf7 32. Kf3 Rd1 33. d5 Kf6
34. Nc7 Rb1 35. Nxb5 Rxb4 36. Ke2 Ke5 37. Kd3 Nb2+ 38. Kc3 Rxb5 39. Rxb2 Ra5
40. f3 Rc5+ 41. Kd3 g5 42. Rb6 1-0

[Event "NSU Open 2014"]
[Site "?"]
[Date "2014.01.05"]
[Round "4"]
[White "Langer, Peter"]
[Black "Jensen, Jan K."]
[Result "0-1"]
[WhiteElo "1530"]
[BlackElo "1520"]
[PlyCount "86"]

1. d4 d5 2. Nf3 Nf6 3. Bf4 e6 4. Nbd2 c5 5. e3 Nc6 6. h3 Bd6 7. Bxd6 Qxd6 8.
Be2 O-O 9. O-O Bd7 10. c4 cxd4 11. exd4 Qf4 12. Nb3 b6 13. Qd2 Qxd2 14. Nbxd2
Rfd8 15. Rfd1 Be8 16. Rac1 Ne7 17. Ne5 dxc4 18. Ndxc4 Nf5 19. Nf3 Rac8 20. g4
Ne7 21. Nfe5 Nfd5 22. Nd3 Ng6 23. Kh2 Ngf4 24. Nxf4 Nxf4 25. Bf1 g5 26. Rc3 Kg7
27. Ne3 Rxc3 28. bxc3 Bc6 29. Kg3 Ba4 30. Rc1 Bc6 31. Ng2 Bxg2 32. h4 h6 33.
Re1 Bxf1 34. Rxf1 Ne2+ 35. Kf3 Nxc3 36. hxg5 hxg5 37. Rc1 Nd5 38. Rc4 Rd7 39.
a4 a5 40. Rc6 Rc7 41. Rxc7 Nxc7 42. Ke4 b5 43. axb5 Nxb5 0-1

[Event "NSU Open 2014"]
[Site "?"]
[Date "2014.01.05"]
[Round "4"]
[White "Petersen, Jan"]
[Black "Christiansen, Niels Jørgen"]
[Result "1/2-1/2"]
[WhiteElo "1612"]
[BlackElo "1558"]
[PlyCount "68"]

1. d4 d5 2. e3 Nf6 3. Bd3 e6 4. b3 b6 5. Nd2 Ba6 6. Ngf3 Bb4 7. Bxa6 Nxa6 8.
Qe2 Bxd2+ 9. Nxd2 Qc8 10. Ba3 Nb8 11. e4 Qa6 12. Qxa6 Nxa6 13. e5 Nd7 14. O-O
c5 15. c3 Rc8 16. Rac1 Nc7 17. f4 Nb5 18. Bb2 O-O 19. a4 Nc7 20. b4 c4 21. b5
a6 22. bxa6 Nxa6 23. Ba3 Rfe8 24. Bd6 Ra8 25. Rb1 Nab8 26. Ra1 Nc6 27. Rfb1 Ra6
28. Rb2 Rea8 29. Rab1 Rc8 30. Ra1 Rca8 31. Bc7 Rc8 32. Bd6 Rca8 33. Rab1 Rc8
34. Ra2 Rca8 1/2-1/2

[Event "NSU Open 2014"]
[Site "?"]
[Date "2014.01.05"]
[Round "4"]
[White "Laursen, Bendt"]
[Black "Petersen, Rasmus"]
[Result "0-1"]
[WhiteElo "1356"]
[BlackElo "1508"]
[PlyCount "86"]

1. e4 c5 2. Nc3 Nc6 3. Nf3 d6 4. Bc4 Nf6 5. d3 Bd7 6. O-O e6 7. Bg5 Be7 8. d4
cxd4 9. Nxd4 Rc8 10. f4 Qb6 11. Bb5 Qxd4+ 12. Kh1 Qxd1 13. Raxd1 h6 14. Bh4 a6
15. Bd3 g5 16. Be1 Nb4 17. Be2 Nxc2 18. Bd2 gxf4 19. Rxf4 e5 20. Rf2 Bg4 21.
Bf3 Nd4 22. Rdf1 Nxf3 23. gxf3 Bh3 24. Rd1 b5 25. Ne2 Rc2 26. Ng1 Be6 27. Kg2
Rxb2 28. a3 d5 29. exd5 Nxd5 30. Ra1 f6 31. Kf1 Kf7 32. Ke1 Bc5 33. Rg2 Bf5 34.
Ne2 Rb1+ 35. Rxb1 Bxb1 36. Bc1 Rg8 37. Ng3 h5 38. Rd2 Ke6 39. Rb2 h4 40. Ne2
Bd3 41. Rd2 Bxe2 42. Rxe2 Rg1+ 43. Kd2 Be3+ 0-1

[Event "NSU Open 2014"]
[Site "?"]
[Date "2014.01.05"]
[Round "4"]
[White "Larsen, Daniel"]
[Black "Sørensen, Bernhard W."]
[Result "1-0"]
[WhiteElo "1498"]
[BlackElo "1442"]
[PlyCount "65"]

1. d4 e6 2. e4 d5 3. Nc3 Nf6 4. e5 Nfd7 5. Nf3 Be7 6. Bd3 c5 7. dxc5 Nxc5 8.
O-O Nxd3 9. Qxd3 Nc6 10. a3 a5 11. b3 b6 12. Bb2 Ba6 13. Nb5 O-O 14. Rfd1 Na7
15. a4 Rc8 16. Nfd4 Bc5 17. Qh3 Nxb5 18. axb5 Bxd4 19. Rxd4 Bxb5 20. Rh4 h6 21.
Bc1 Qc7 22. Bf4 Qxc2 23. Rg4 Qh7 24. Bxh6 g6 25. Rh4 Be2 26. Bxf8 Bh5 27. Be7
Qh6 28. f4 d4 29. Bg5 Qh7 30. g4 Rc3 31. Qg2 d3 32. Qa8+ Kg7 33. Bf6+ 1-0

[Event "NSU Open 2014"]
[Site "?"]
[Date "2014.01.05"]
[Round "4"]
[White "Hein, Jacob"]
[Black "Pedersen, Tommy"]
[Result "1-0"]
[WhiteElo "1357"]
[BlackElo "1416"]
[PlyCount "143"]

1. Nf3 Nf6 2. c4 e6 3. a3 d5 4. e3 c5 5. d4 cxd4 6. exd4 dxc4 7. Bxc4 Nc6 8.
Nc3 Be7 9. b4 a6 10. Bb2 b5 11. Bb3 Bb7 12. O-O O-O 13. Bc2 Bd6 14. Qd3 Ne7 15.
Rac1 Ng6 16. Ne2 Bd5 17. Nd2 Qe7 18. g3 Qb7 19. f3 Rac8 20. Rf2 Qd7 21. Nc3 Bb7
22. Nde4 Nxe4 23. Nxe4 Rc7 24. Nc5 Bxc5 25. bxc5 Qe7 26. h4 f5 27. h5 Nh8 28.
Qe3 h6 29. Bb3 Bd5 30. Bxd5 exd5 31. Qxe7 Rxe7 32. Bc3 Rfe8 33. Bb4 Rc8 34. c6
Re6 35. c7 Kf7 36. Rfc2 Ke8 37. Rc6 Kd7 38. Rxe6 Kxe6 39. Re1+ Kf6 40. Be7+ Kf7
41. Bd6 Kf6 42. Rc1 Nf7 43. Bf4 Ng5 44. Kg2 Ne6 45. Rc6 Kf7 46. Be5 Ke7 47.
Rxa6 Nxc7 48. Ra7 Kd8 49. Bxg7 Ne6 50. Bf6+ Ke8 51. Re7+ Kf8 52. Rxe6 Kf7 53.
Ra6 Rc3 54. Be5 Rc2+ 55. Kh3 Ra2 56. Bd6 Kf6 57. Bf8+ Kf7 58. Bxh6 b4 59. Bc1
b3 60. Rb6 Rc2 61. Bg5 b2 62. a4 Rf2 63. Rb3 Rxf3 64. Rb7+ Kg8 65. Rxb2 Ra3 66.
Rb4 Kg7 67. Kh4 Kf7 68. h6 Kg6 69. Rb6+ Kh7 70. Ra6 Rd3 71. Ra7+ Kg6 72. Rg7#
1-0

[Event "NSU Open 2014"]
[Site "?"]
[Date "2014.01.05"]
[Round "4"]
[White "Schølin, John"]
[Black "Jensen, Torben Brieghel"]
[Result "0-1"]
[WhiteElo "1015"]
[BlackElo "1384"]
[PlyCount "60"]

1. e4 e6 2. d4 d5 3. Nc3 Bb4 4. Bd2 Bxc3 5. bxc3 dxe4 6. Qh5 Nf6 7. Qh4 Nbd7 8.
Bg5 c6 9. Ne2 Qa5 10. Bd2 Qa4 11. Rc1 Qxa2 12. Ng3 Qd5 13. Be2 O-O 14. O-O b5
15. Rb1 a5 16. Rfe1 Nb6 17. Bh5 Nc4 18. Be3 Nxe3 19. Rxe3 Qa2 20. Rc1 Qb2 21.
Ne2 Nxh5 22. Qxh5 f5 23. Qg5 a4 24. Qf4 a3 25. Qd6 Ra6 26. Qb4 Ra4 27. Qxb2
axb2 28. Kf1 Ra1 29. f3 Rxc1+ 30. Nxc1 bxc1=Q+ 0-1

[Event "NSU Open 2014"]
[Site "?"]
[Date "2014.01.05"]
[Round "4"]
[White "Bogø, Mathias"]
[Black "Feldung, Arne"]
[Result "1-0"]
[WhiteElo "1000"]
[BlackElo "1018"]
[PlyCount "69"]

1. e4 c6 2. Nf3 d5 3. exd5 cxd5 4. d4 Nf6 5. Bf4 Nc6 6. Nc3 Bf5 7. a3 e6 8. Bd3
Bxd3 9. Qxd3 Be7 10. O-O-O O-O 11. h4 h6 12. Rdg1 Ng4 13. Rf1 Bf6 14. Ne2 Re8
15. Nh2 e5 16. Nxg4 exf4 17. g3 f3 18. Qxf3 Nxd4 19. Nxf6+ Qxf6 20. Nxd4 Qxd4
21. Rd1 Qe4 22. Qb3 b6 23. Rhf1 Red8 24. f3 Qe5 25. f4 Qe4 26. Rfe1 Qf5 27. Re5
Qh3 28. Rexd5 Rxd5 29. Qxd5 Rc8 30. Qd3 g6 31. Rf1 Rc5 32. b3 Qg2 33. Re1 Rd5
34. Qc3 Rc5 35. Re8+ 1-0